000
00339nam a2200133Ia 4500
008
231019s9999 xx 000 0 und d
082
_a
657
_b
ADN-F
100
_a
Adnan Rauf
245
0
_a
Financial Accounting & Reporting-II
260
_a
Lahore, Pakistan
_b
Rise Publications
_c
2018
300
_a
1105
650
_a
Accounting
999
_c
34518
_d
34518